| 000 | 00814nam a22002417a 4500 | ||
|---|---|---|---|
| 005 | 20250520114948.0 | ||
| 008 | 250520b |||||||| |||| 00| 0 eng d | ||
| 020 | _a978-0-691-16760-2 (hbk) | ||
| 037 | _cTB | ||
| 040 |
_aCRL _cCRL |
||
| 041 |
_2eng _aeng |
||
| 084 |
_aW6.4 R2 _qCRL |
||
| 100 |
_aSlater, Dan _9809043 |
||
| 245 |
_aFrom development to democracy: _bThe transformations of modern Asia |
||
| 260 |
_aPrinceton, US: _bPrinceton University Press, _c2022. |
||
| 300 | _axi, 348p. | ||
| 365 |
_b35.00 _cUSD |
||
| 650 |
_aDemocracy _9809044 |
||
| 650 | _aPolitical Science | ||
| 700 |
_aWong, Joseph _eAuthor _9809045 |
||
| 942 |
_2CC _cTB _hW6.4 R2 _n0 |
||
| 999 |
_c1428870 _d1428870 |
||